| 000 | 00722nam a22001577a 4500 | ||
|---|---|---|---|
| 003 | OSt | ||
| 005 | 20150910101517.0 | ||
| 008 | 150910b xxu||||| |||| 00| 0 eng d | ||
| 040 | _cRUA | ||
| 082 | _aAGR គង់ 1994 B010 Or.1 | ||
| 100 |
_9208 _aគង់ ចន្ថា |
||
| 245 | _aសិក្សាអំពីភាពធន់ទ្រាំ និង ការរាំងស្ងួតភាពរស់ឡើងវិញពីការរាំងស្ងួត និង ភាពប្រកាន់រដូវនៃសមូហកម្មពូជស្រូវប្រពៃណៃក្នុងស្រុក | ||
| 260 |
_aPhnom Penh _bRUA _c1994 |
||
| 300 |
_a107p. _bill. _c29cm. |
||
| 942 |
_2ddc _cAGR |
||
| 999 |
_c188 _d188 |
||